Микроструктура и триботехнические свойства покрытий на основе системы Cu-Mo-S; Перспективы развития фундаментальных наук

Dades bibliogràfiques
Parent link:Перспективы развития фундаментальных наук.— 2015.— [С. 106-108]
Autor principal: Жарков С. Ю.
Autor corporatiu: Национальный исследовательский Томский политехнический университет (ТПУ) Институт физики высоких технологий (ИФВТ) Кафедра физики высоких технологий в машиностроении (ФВТМ)
Altres autors: Калашников М. П. Марк Петрович (научный руководитель), Сунгатулин А. Р., Сергеев В. П. Виктор Петрович
Sumari:Заглавие с экрана
The change of wear resistance of a copper friction pair with pulse magnetron Cu-Mo-S tribological coatings was studied by tribological tests in argon and air environment. Microstructure of the coatings was investigated by transmission and scanning electron microscopy. Fiber-globular structure of the coatings was evaluated. Cu-Mo-S coatings can increase the wear resistance of a copper friction pair in ~ 71.7 and ~ 7.9 times in argon and air atmosphere, respectively. Friction coefficient near 0.27 has been observed during tribological tests in air environment.
Idioma:rus
Publicat: 2015
Col·lecció:Физика
Matèries:
Accés en línia:http://earchive.tpu.ru/handle/11683/19106
http://www.lib.tpu.ru/fulltext/c/2015/C21/026.pdf
Format: MixedMaterials Electrònic Capítol de llibre
KOHA link:https://koha.lib.tpu.ru/cgi-bin/koha/opac-detail.pl?biblionumber=612933

MARC

LEADER 00000naa2a2200000 4500
001 612933
005 20260421125448.0
035 |a (RuTPU)RU\TPU\conf\11064 
035 |a RU\TPU\conf\11062 
090 |a 612933 
100 |a 20150701d2015 k y0rusy50 ca 
101 0 |a rus 
102 |a RU 
105 |a a z 101zy 
135 |a drgn ---uucaa 
181 0 |a i  
182 0 |a b 
200 1 |a Микроструктура и триботехнические свойства покрытий на основе системы Cu-Mo-S  |d Microstructure and tribological performance of Cu-Mo-S coatings  |f С. Ю. Жарков, М. П. Калашников, А. Р. Сунгатулин  |g науч. рук. В. П. Сергеев 
203 |a Текст  |c электронный 
215 |a 1 файл(208 Кб) 
225 1 |a Физика 
300 |a Заглавие с экрана 
320 |a [Библиогр.: с. 108 (4 назв.)] 
330 |a The change of wear resistance of a copper friction pair with pulse magnetron Cu-Mo-S tribological coatings was studied by tribological tests in argon and air environment. Microstructure of the coatings was investigated by transmission and scanning electron microscopy. Fiber-globular structure of the coatings was evaluated. Cu-Mo-S coatings can increase the wear resistance of a copper friction pair in ~ 71.7 and ~ 7.9 times in argon and air atmosphere, respectively. Friction coefficient near 0.27 has been observed during tribological tests in air environment. 
337 |a Adobe Reader 
463 1 |0 (RuTPU)RU\TPU\conf\10376  |t Перспективы развития фундаментальных наук  |l Prospects of fundamental sciences development  |o сборник научных трудов XII Международной конференция студентов и молодых ученых, г. Томск, 21-24 апреля 2015 г.  |f Национальный исследовательский Томский политехнический университет (ТПУ) ; Национальный исследовательский Томский государственный университет (ТГУ) ; Томский государственный архитектурно-строительный университет (ТГАСУ) ; Томский государственный университет систем управления и радиоэлектроники (ТУСУР) ; ред. кол. И. А. Курзина ; Г. А. Воронова ; С. А. Поробова  |v [С. 106-108]  |d 2015 
510 1 |a Microstructure and tribological performance of Cu-Mo-S coatings  |z eng 
610 1 |a электронный ресурс 
610 1 |a труды учёных ТПУ 
610 1 |a микроструктуры 
610 1 |a триботехнические свойства 
610 1 |a покрытия 
610 1 |a износостойкость 
700 1 |a Жарков  |b С. Ю. 
701 1 |a Калашников  |b М. П.  |c физик  |c инженер Томского политехнического университета  |g Марк Петрович  |3 (RuTPU)RU\TPU\pers\31797  |9 15908 
701 1 |a Сунгатулин  |b А. Р. 
702 1 |a Сергеев  |b В. П.  |c специалист в области материаловедения  |c профессор Томского политехнического университета, доктор технических наук  |f 1949-  |g Виктор Петрович  |4 727 
712 0 2 |a Национальный исследовательский Томский политехнический университет (ТПУ)  |b Институт физики высоких технологий (ИФВТ)  |b Кафедра физики высоких технологий в машиностроении (ФВТМ)  |3 (RuTPU)RU\TPU\col\18687 
801 1 |a RU  |b 63413507  |c 20101016 
801 2 |a RU  |b 63413507  |c 20210128  |g RCR 
856 4 |u http://earchive.tpu.ru/handle/11683/19106 
856 4 |u http://www.lib.tpu.ru/fulltext/c/2015/C21/026.pdf 
942 |c BK